| 000 | 00936cac a22002411u 4500 | ||
|---|---|---|---|
| 008 | 081030t1981 xxu||||| |||| 00| 0 eng d | ||
| 010 | _a 80023006 | ||
| 020 | _a083597104X | ||
| 020 | _a0835971031 (pbk.) | ||
| 082 | 0 | 0 |
_a001.6424 _bMOO _222 |
| 100 |
_aMoore, John B., _913082 |
||
| 245 | 1 | 0 |
_aStructured FORTRAN with WATFIV : _bText and Reference / _cJohn B. Moore, Leo J. Makela. |
| 250 | _aAlternate ed. | ||
| 260 |
_aReston, Va. : _bReston Pub. Co., 1981 _c1981. |
||
| 300 |
_axvi, 567 p. : _bill. ; _c24 cm. |
||
| 500 | _aIncludes index. | ||
| 500 | _aDonations -Bibliotheca Alexandrina. | ||
| 650 | 0 |
_aFORTRAN (Computer program language) _913083 |
|
| 650 | 0 |
_aStructured programming. _913084 |
|
| 700 | 1 |
_aMakela, Leo J., _913085 |
|
| 942 |
_cBB _k001.6424MOO _2ddc |
||
| 999 |
_c3389 _d3389 |
||